Welcome to the Holygrace Academy Library

Please use search bar below to get started

THE SECRET OF THE SNAKE LAKE (Record no. 3431)

MARC details
000 -LEADER
fixed length control field 00345nam a22001457a 4500
020 ## - INTERNATIONAL STANDARD BOOK NUMBER
ISBN 978-93-87911-98-7
082 ## - DEWEY DECIMAL CLASSIFICATION NUMBER
Classification number 823
Item number NAM/S
100 ## - MAIN ENTRY--AUTHOR NAME
Personal name NAMBIAR, ASHWINI U
245 ## - TITLE STATEMENT
Title THE SECRET OF THE SNAKE LAKE
Remainder of title SHORT STORY
260 ## - PUBLICATION, DISTRIBUTION, ETC. (IMPRINT)
Place of publication THRISSUR
Name of publisher H &C BOOKS
Year of publication 2019
300 ## - PHYSICAL DESCRIPTION
Number of Pages 47
520 ## - SUMMARY, ETC.
Summary, etc SHORT STORY
650 ## - SUBJECT ADDED ENTRY--TOPICAL TERM
Topical Term SHORT STORY
942 ## - ADDED ENTRY ELEMENTS (KOHA)
Koha item type Books
Holdings
Withdrawn status Lost status Collection code Home library Current library Shelving location Date acquired Source of acquisition Cost, normal purchase price Full call number Accession Number Koha item type
    Fiction Main Library Main Library SHELF 4-H HARDY BOYS,CAPTAIN UNDERPANTHS,TALES FOR CHILDREN 04/10/2019 Purchase 50.00 823 NAM/S 11604 Books